Ratanlal & Dhirajlal's the law of evidence (Act I of 1872) /

Մատենագիտական մանրամասներ
Հիմնական հեղինակ: Ratanlal Ranchhoddas
Համատեղ հեղինակ: India
Այլ հեղինակներ: Thakore, Dhirajlal Keshavlal, Chandrachud, Y. V.
Ձևաչափ: Գիրք
Լեզու:English
Հրապարակվել է: New Delhi : Wadhwa and Co., 2004 [reprinted 2005].
Հրատարակություն:Twenty-first edition, reprinted, enlarged edition on wider format /
Խորագրեր:
Classic Catalogue: View this record in Classic Catalogue
LEADER 01959nam a2200337 a 4500
001 0015224
003 BD-DhAAL
008 091019r20052004ii l 001 0 eng d
040 |a DLC  |c DLC  |d BD-DhAAL 
082 0 0 |a 347.5406  |2 22 
100 0 |a Ratanlal Ranchhoddas.  |9 311 
245 1 0 |a Ratanlal & Dhirajlal's the law of evidence (Act I of 1872) /  |c Ratanlal Ranchhoddas and Dhirajlal Keshavlal Thakore. 
246 3 0 |a Law of Evidence 
246 3 |a Ratanlal and Dhirajlal's the Law of Evidence (Act I of 1872) 
250 |a Twenty-first edition, reprinted, enlarged edition on wider format /  |b Y.V. Chandrachud ... [et al.]. and the publishers' editorial board. 
260 |a New Delhi :  |b Wadhwa and Co.,  |c 2004 [reprinted 2005]. 
300 |a xcv, 892 p. ;  |c 22 cm 
500 |a Includes bibliographical references and index. 
526 |a SOL  |x K. Shamsuddin Mahmood Professor and Dean School of Law BRAC University 
541 1 |e 0015224, 0020127  |a Anupam Gyan Bhandar 
610 1 0 |a India.  |t Indian Evidence Act, 1872.  |9 59019 
650 0 |a Evidence (Law)  |z India.  |9 817 
700 1 |a Thakore, Dhirajlal Keshavlal.  |9 314 
700 1 |a Chandrachud, Y. V.  |9 315 
710 1 |a India.  |t Indian Evidence Act, 1872.  |9 59019 
852 4 |a Ayesha Abed Library  |c General Stacks 
942 |2 ddc  |c BK 
999 |c 4731  |d 4731 
952 |0 0  |1 0  |2 ddc  |4 0  |6 347_540600000000000_RAT  |7 0  |9 4538  |a BRACUL  |b BRACUL  |c GEN  |d 2009-10-19  |g 630.00  |l 20  |m 169  |o 347.5406 RAT  |p 3010015224  |r 2026-01-17  |s 2025-12-09  |t 1  |v 1260.00  |w 2009-10-19  |y BK 
952 |0 0  |1 0  |2 ddc  |4 0  |6 347_540600000000000_RAT  |7 0  |9 9229  |a BRACUL  |b BRACUL  |c GEN  |d 2010-04-15  |l 21  |m 104  |o 347.5406 RAT  |p 3010015223  |r 2026-01-17  |s 2025-12-09  |t 2  |w 2010-04-15  |y BK 
952 |0 0  |1 0  |2 ddc  |4 0  |6 347_540600000000000_RAT  |7 0  |9 64408  |a BRACUL  |b BRACUL  |c GEN  |d 2018-09-17  |e Anupam Gyan Bhandar  |g 900.00  |l 12  |m 92  |o 347.5406 RAT  |p 3010020127  |r 2025-12-24  |s 2025-09-24  |t 3  |v 1800.00  |w 2018-09-17  |y BK  |x Requisitioned by K. Shamsuddin Mahmood, Professor and Dean, School of Law, BRAC University